000 00495nam a2200181Ia 4500
008 100920s9999 xx 000 0 und d
082 _b99907
_a--- न 06
100 _aबगे आशा.
245 _aभूमी.
260 _bमौज प्रकाशन,मुंबई.
_c2006
300 _a262
_bसाधी
365 _b200
520 _aकादंबरी.
630 _aभूमी.
650 _aकादंबरी.
730 _aभूमी.
942 _cBOOK
999 _c740345
_d740342